Harapkan pegar,pegar makan padi
| Main Author: | |
|---|---|
| Format: | Book |
| Published: |
Kuala Lumpur :
E1 Publication Sdn. Bhd. ,
2020
|
| Series: | Siri pepatah melayu
|
| Subjects: |
MARC
| LEADER | 00000cam a2200000 7i4500 | ||
|---|---|---|---|
| 001 | 0000278695 | ||
| 005 | 20200921154817.0 | ||
| 020 | |a 9789670787855 | ||
| 090 | 0 | 0 | |a JF |b HAR |
| 100 | 0 | |a Harith Hafizi | |
| 245 | 1 | 0 | |a Harapkan pegar,pegar makan padi |c Harith Hafizi |
| 260 | |a Kuala Lumpur : |b E1 Publication Sdn. Bhd. , |c 2020 | ||
| 300 | |a 56p. : |b ill.,col. ; |c 22cm. | ||
| 490 | 0 | |a Siri pepatah melayu | |
| 650 | 0 | |a Children's stories | |
| 999 | |a 00384745 |b BUKU |c PINJAMAN |e PERPUSTAKAAN KOMUNITI PETALING JAYA | ||